Experimental psychology/ (Record no. 99184)

MARC details
000 -LEADER
fixed length control field 00935nam a22002777a 4500
003 - CONTROL NUMBER IDENTIFIER
control field URS
005 - DATE AND TIME OF LATEST TRANSACTION
control field 20260326151009.0
008 - FIXED-LENGTH DATA ELEMENTS--GENERAL INFORMATION
fixed length control field 260316b |||||||| |||| 00| 0 eng d
020 ## - INTERNATIONAL STANDARD BOOK NUMBER
International Standard Book Number 0534339794
020 ## - INTERNATIONAL STANDARD BOOK NUMBER
International Standard Book Number 9780534339791
040 ## - CATALOGING SOURCE
Original cataloging agency DLC
Language of cataloging eng
Transcribing agency DLC
Modifying agency URS
Description conventions rda
050 14 - LIBRARY OF CONGRESS CALL NUMBER
Classification number BF181
Item number .M9921 1997
100 1# - MAIN ENTRY--PERSONAL NAME
Personal name Myers, Anne
245 10 - TITLE STATEMENT
Title Experimental psychology/
Statement of responsibility, etc. Anne Myers and Christine H. Hansen.-
250 ## - EDITION STATEMENT
Edition statement Fourth edition-
264 #1 - PRODUCTION, PUBLICATION, DISTRIBUTION, MANUFACTURE, AND COPYRIGHT NOTICE
Place of production, publication, distribution, manufacture Pacific Grove:
Name of producer, publisher, distributor, manufacturer Brooks/ Cole Publishing Company,
Date of production, publication, distribution, manufacture, or copyright notice c1997.
300 ## - PHYSICAL DESCRIPTION
Extent xix, 567 pages:
Other physical details illustrations;
Dimensions 22 cm
336 ## - CONTENT TYPE
Source rdacontent
Content type term text
Content type code txt
337 ## - MEDIA TYPE
Source rdamedia
Media type term unmediated
Media type code n
338 ## - CARRIER TYPE
Source rdacarrier
Carrier type term volume
Carrier type code nc
500 ## - GENERAL NOTE
General note Includes summary, terminology, appendices and index.
504 ## - BIBLIOGRAPHY, ETC. NOTE
Bibliography, etc. note Includes references.
650 #0 - SUBJECT ADDED ENTRY--TOPICAL TERM
Topical term or geographic name entry element Psychology, experimental
700 1# - ADDED ENTRY--PERSONAL NAME
Personal name Hansen, Christine H.
942 ## - ADDED ENTRY ELEMENTS (KOHA)
Source of classification or shelving scheme Library of Congress Classification
Koha item type Foreign Books
Edition fourth edition
Classification part BF181
Item part .M9921 1997
Holdings
Withdrawn status Source of classification or shelving scheme Damaged status Not for loan Home library Current library Shelving location Date acquired Total Checkouts Full call number Barcode Date last seen Price effective from Koha item type
  Library of Congress Classification     Angono College Library Angono College Library Foreign Section 03/16/2026   BF181 .M9921 1997 URSANG-744 03/16/2026 03/16/2026 Foreign Books

University of Rizal System
Email us at univlibservices@urs.edu.ph

Visit our Website www.urs.edu.ph/library